| 000 | 00549nam a22001937a 4500 | ||
|---|---|---|---|
| 001 | 86411 | ||
| 003 | BD-RjUL | ||
| 005 | 20260503121518.0 | ||
| 008 | 260503s1968 pk ||||| |||| 00| 0 urd d | ||
| 035 | _a(BD-RjUL) 86411 | ||
| 040 |
_aBD-RjUL _beng _cBD-RjUL |
||
| 041 | _aurd | ||
| 082 |
_223 _a297.09 _bSHJ 1968 |
||
| 100 |
_aشہید، سید قطب ;; Shaheed, Syed Qutb _918287 |
||
| 245 |
_aجادہ ومنزل ;jadah wamazil / _cسید قطب شہید ;; Syed Qutb Shaheed |
||
| 300 |
_a435 p. ; _c17 cm |
||
| 650 | _aIslam | ||
| 942 |
_2ddc _cBK |
||
| 999 |
_c86411 _d86411 |
||